Marie Stuart
Sábháilte in:
| Príomhchruthaitheoir: | |
|---|---|
| Formáid: | LEABHAR |
| Teanga: | Fraincis |
| Foilsithe / Cruthaithe: |
París
Bernard Grasset
1945
|
| Eagrán: | 1a. ed |
| Ábhair: | |
| Clibeanna: |
Cuir clib leis
Níl clibeanna ann, Bí ar an gcéad duine le clib a chur leis an taifead seo!
|
MARC
| LEADER | 00000cam a2200000 a 4500 | ||
|---|---|---|---|
| 001 | UCE4905 | ||
| 003 | CL-VaPUC | ||
| 008 | 141113e19450611fr |||||||||||||||||fre|d | ||
| 082 | 0 | 4 | |a 923.1 |b ZWE |2 21 |
| 100 | |a Zweig, Stefan |e autor |9 523157 | ||
| 245 | 1 | 0 | |a Marie Stuart |
| 250 | |a 1a. ed | ||
| 300 | |a 373 p | ||
| 942 | |c BK | ||
| 945 | |d 20141113 14:00:00 |a arojas | ||
| 260 | |a París |b Bernard Grasset |c 1945 | ||
| 600 | 0 | 7 | |a ESTUARDO, MARIA |2 CL-VaPUC |9 453457 |
| 650 | 0 | |a Biografías |9 255210 | |
| 650 | 0 | |a Reinas |9 315207 | |
| 651 | 7 | |a ESCOCIA |2 CL-VaPUC |9 332669 | |
| 583 | |a last modification |c 20141113 14:00:00 |k Rodrigo Vera | ||
| 999 | |c 357761 |d 357759 | ||
| 952 | |0 0 |1 0 |3 erb |4 0 |6 923_100000000000000_ZWE_1945 |7 0 |8 X |9 465820 |a FDOBUD |b FDOBUD |i 5107660 |o 923.1 ZWE 1945 |p 5107660 |r 2019-11-23 |w 2019-11-23 |y BK_X |z Catalogado en:20141113 |k BUD | ||